| 000 | 00350nam a2200145Ia 4500 | ||
|---|---|---|---|
| 008 | 230917s9999||||xx |||||||||||||| ||und|| | ||
| 040 |
_e145663 _aMAIN |
||
| 041 | _aEnglish | ||
| 082 | _a780.5 S58S | ||
| 100 | _aGarg, Prabhu Lal | ||
| 245 | 0 | _aSangeet: gharana ank | |
| 260 |
_aHathras _bSangeet karyalaya _c1982 |
||
| 300 | _a193p p. | ||
| 942 | _cBK | ||
| 999 |
_c51670 _d51670 |
||